<?xml version="1.0" encoding="UTF-8"?><?xml-stylesheet type="text/xsl" href="static/style.xsl"?><OAI-PMH xmlns="http://www.openarchives.org/OAI/2.0/" xmlns:xsi="http://www.w3.org/2001/XMLSchema-instance" xsi:schemaLocation="http://www.openarchives.org/OAI/2.0/ http://www.openarchives.org/OAI/2.0/OAI-PMH.xsd"><responseDate>2026-04-29T00:34:16Z</responseDate><request verb="GetRecord" identifier="oai:repisalud.isciii.es:20.500.12105/6933" metadataPrefix="marc">https://repisalud.isciii.es/rest/oai/request</request><GetRecord><record><header><identifier>oai:repisalud.isciii.es:20.500.12105/6933</identifier><datestamp>2025-06-03T10:41:18Z</datestamp><setSpec>com_20.500.12105_2405</setSpec><setSpec>com_20.500.12105_2403</setSpec><setSpec>col_20.500.12105_2418</setSpec></header><metadata><record xmlns="http://www.loc.gov/MARC21/slim" xmlns:dcterms="http://purl.org/dc/terms/" xmlns:doc="http://www.lyncode.com/xoai" xmlns:xsi="http://www.w3.org/2001/XMLSchema-instance" xsi:schemaLocation="http://www.loc.gov/MARC21/slim http://www.loc.gov/standards/marcxml/schema/MARC21slim.xsd">
   <leader>00925njm 22002777a 4500</leader>
   <datafield ind2=" " ind1=" " tag="042">
      <subfield code="a">dc</subfield>
   </datafield>
   <datafield ind2=" " ind1=" " tag="720">
      <subfield code="a">Pascual-Carrasco, Mario</subfield>
      <subfield code="e">author</subfield>
   </datafield>
   <datafield ind2=" " ind1=" " tag="720">
      <subfield code="a">Muñoz Carrero, Adolfo</subfield>
      <subfield code="e">author</subfield>
   </datafield>
   <datafield ind2=" " ind1=" " tag="260">
      <subfield code="c">2017-10</subfield>
   </datafield>
   <datafield ind2=" " ind1=" " tag="520">
      <subfield code="a">La Plataforma de Innovación en Telemedicina y e-Salud (PITES) constituye un marco de actuación en red para la investigación y la innovación en soluciones, servicios y herramientas basadas en Tecnología de la Información y la Comunicación (TIC) dirigidos al soporte de los nuevos modelos de asistencia. Formalmente, PITES es una agrupación de nodos de innovación tecnológica con base en unidades clínicas para la implementación de entornos de aplicaciones, herramientas, e infraestructuras TIC, seguras, accesibles, e interoperables conforme a estándares abiertos tal que permiten implementar soluciones de telemedicina móvil personal y de e-salud para el soporte de nuevos modelos asistenciales dirigidos a la condición crónica, fragilidad y dependencia, acele¬rando la transferencia del conocimiento a la práctica clínica. Esta publicación presenta seis artículos cuyo objetivo es presentar algunos de los resultados más relevantes alcanzados en los respectivos subproyectos que se han llevado a cabo en el marco de PITES-ISA.</subfield>
   </datafield>
   <datafield ind1="8" ind2=" " tag="024">
      <subfield code="a">PITES-ISA: New services based on Telemedicine and e-Health aimed at interoperability, patient safety and decision support. Madrid: Unidad de Investigación en Telemedicina y e-Salud – Instituto de Salud Carlos III; 2017.</subfield>
   </datafield>
   <datafield ind1="8" ind2=" " tag="024">
      <subfield code="a">http://hdl.handle.net/20.500.12105/6933</subfield>
   </datafield>
   <datafield ind1="8" ind2=" " tag="024">
      <subfield code="a">10.4321/repisalud.6933</subfield>
   </datafield>
   <datafield ind1="8" ind2=" " tag="024">
      <subfield code="a">062170326</subfield>
   </datafield>
   <datafield ind2="0" ind1="0" tag="245">
      <subfield code="a">PITES-ISA: New services based on Telemedicine and e-Health aimed at interoperability, patient safety and decision support</subfield>
   </datafield>
</record></metadata></record></GetRecord></OAI-PMH>